Countries with the Most Military Troops - Statistics

General Stats
  • This quiz has been taken 92 times
  • The average score is 16 of 20
Answer Stats
Number Answer % Correct
1.3M United States
99%
1.3M India
97%
2M China
96%
900K Russia
93%
350K Brazil
92%
1.2M North Korea
89%
300K Mexico
87%
650K Pakistan
86%
250K Japan
84%
600K South Korea
84%
400K Indonesia
82%
350K Turkey
82%
400K Egypt
79%
500K Iran
79%
500K Vietnam
78%
250K Saudi Arabia
71%
350K Thailand
71%
300K Colombia
57%
400K Myanmar
46%
250K Sri Lanka
12%
No matching quizzes found
Score Distribution
Percent of People with Each Score
Percentile by Number Answered
Your Score History
You have not taken this quiz